| 000 | 01521nam a2200349 i 4500 | ||
|---|---|---|---|
| 001 | 000024466 | ||
| 003 | DO-SdBNP | ||
| 005 | 20250704123229.0 | ||
| 007 | ta | ||
| 008 | 110128s1998 dr a 001 0 spa d | ||
| 040 |
_aDO-SdBNP _bspa _cBNPHU _erda |
||
| 041 | _aspa | ||
| 082 | 4 |
_a155.897293 _bC749t _222 |
|
| 111 | 2 |
_aCongreso "30 años de Psicología Dominicana" _d(1997 nov. 28-30 : _cSanto Domingo, República Dominicana) _950162 |
|
| 245 | 1 | 0 |
_a30 años de psicología dominicana : _bpasado, presente y futuro / _ceditores, Mayra Brea de Cabral, Enerio Rodríguez Arias, Marcelina Alonso de Tapia. |
| 246 | 0 | 0 |
_aTreinta años de psicología dominicana : _bpasado, presente y futuro |
| 264 |
_aSanto Domingo, República Dominicana : _bUniversidad Autónoma de Santo Domingo, _c©1998. |
||
| 300 |
_a316 páginas : _bilustraciones ; _c28 cm. |
||
| 336 |
_atexto _btxt _2rdacontent |
||
| 337 |
_asin mediación _bn _2rdamedia |
||
| 338 |
_avolumen _bnc _2rdacarrier |
||
| 490 |
_aPublicaciones de la Universidad Autónoma de Santo domingo _v895 |
||
| 490 |
_aSalud y Sociedad _v29 |
||
| 504 | _aBibliografía: páginas 314-316 | ||
| 590 | _aInventariado, 2018/LP | ||
| 650 | 4 |
_aPsicología _xHistoria _zRepública Dominicana _xCongresos, conferencias, etc. _950163 |
|
| 700 | 1 |
_aBrea del Cabral, Mayra, _eeditor _4ed. _950164 |
|
| 700 | 1 |
_aRodríguez Arias, Enerio, _eeditor _4ed _925867 |
|
| 700 | 1 |
_aAlonso de Tapia, Marcelina, _eeditor _4ed. _950165 |
|
| 910 | _aValidado. Control de calidad EMS | ||
| 942 |
_2ddc _cLBS1 |
||
| 999 |
_c23959 _d23959 |
||